[Event "FAI-chT 2021"]
[Site "Faroe Islands"]
[Date "2021.03.13"]
[Round "10.4"]
[White "Joensen, Hanus"]
[Black "Kalso, Steffan"]
[Result "1-0"]
[WhiteElo "1772"]
[BlackElo "1591"]
[PlyCount "83"]
[EventDate "2020.10.04"]
[EventType "team-tourn"]
[EventRounds "10"]
[EventCountry "FAI"]
[SourceTitle "EXT 2022"]
[Source "ChessBase"]
[SourceDate "2021.10.06"]
[SourceVersion "1"]
[SourceVersionDate "2021.10.06"]
[SourceQuality "1"]
[WhiteTeam "Kollafjordur"]
[BlackTeam "Klaksvik II"]
[WhiteTeamCountry "FAI"]
[BlackTeamCountry "FAI"]

1. e4 c6 2. d4 d5 3. Nc3 dxe4 4. Nxe4 Bf5 5. Ng3 Bg6 6. Nf3 Nd7 7. Bd3 Bxd3 8. Qxd3 Ngf6 9. 0-0 e6 10. Re1 Be7 11. c4 0-0 12. Qe2 Bb4 13. Rd1 Qc7 14. a3 Be7 15. Be3 c5 16. Rac1 cxd4 17. Bxd4 Bc5 18. b4 Bxd4 19. Nxd4 a6 20. c5 Rfd8 21. c6 Nb6 22. Ne4 Nxe4 23. Qxe4 Nd5 24. g3 b5 25. Nxe6 fxe6 26. Qxe6+ Qf7 27. Qxf7+ Kxf7 28. c7 Nxc7 29. Rxc7+ Kf8 30. Rxd8+ Rxd8 31. Rc6 a5 32. bxa5 Rd3 33. Rb6 Rxa3 34. Rxb5 g6 35. Rb8+ Kg7 36. Ra8 Kh6 37. h4 Kh5 38. a6 h6 39. a7 Ra4 40. Kg2 Ra2 41. Kh3 Ra3 42. f3 1-0

[Event "FAI-chT 2021"]
[Site "Faroe Islands"]
[Date "2021.02.28"]
[Round "9.4"]
[White "Berg, Margar"]
[Black "Joensen, Hanus"]
[Result "1-0"]
[WhiteElo "1912"]
[BlackElo "1772"]
[PlyCount "63"]
[EventDate "2020.10.04"]
[EventType "team-tourn"]
[EventRounds "10"]
[EventCountry "FAI"]
[SourceTitle "EXT 2022"]
[Source "ChessBase"]
[SourceDate "2021.10.06"]
[SourceVersion "1"]
[SourceVersionDate "2021.10.06"]
[SourceQuality "1"]
[WhiteTeam "Havnin II"]
[BlackTeam "Kollafjordur"]
[WhiteTeamCountry "FAI"]
[BlackTeamCountry "FAI"]

1. b3 e5 2. Bb2 Nc6 3. c4 Nf6 4. Nc3 d5 5. cxd5 Nxd5 6. g3 Be6 7. Bg2 Be7 8. Nf3 f6 9. 0-0 Qd7 10. e4 Ndb4 11. d4 Nxd4 12. Nxd4 exd4 13. Ne2 c5 14. Nf4 0-0 15. Nxe6 Qxe6 16. h4 Rad8 17. h5 b5 18. h6 g6 19. f4 d3 20. f5 gxf5 21. Rxf5 Kh8 22. Qg4 Rg8 23. Qf3 Nc2 24. Rxf6 Bxf6 25. Bxf6+ Rg7 26. Bxg7+ Kg8 27. Rf1 Qe7 28. e5 Nd4 29. Qd5+ Ne6 30. Bh3 Rxd5 31. Bxe6+ Qxe6 32. Rf8# 1-0

[Event "FAI-chT 2021"]
[Site "Faroe Islands"]
[Date "2021.02.07"]
[Round "7.2"]
[White "Nolsoe, Rani"]
[Black "Joensen, Hanus"]
[Result "1-0"]
[WhiteElo "2061"]
[BlackElo "1772"]
[PlyCount "53"]
[EventDate "2020.10.04"]
[EventType "team-tourn"]
[EventRounds "10"]
[EventCountry "FAI"]
[SourceTitle "EXT 2022"]
[Source "ChessBase"]
[SourceDate "2021.10.06"]
[SourceVersion "1"]
[SourceVersionDate "2021.10.06"]
[SourceQuality "1"]
[WhiteTeam "Klaksvik"]
[BlackTeam "Kollafjordur"]
[WhiteTeamCountry "FAI"]
[BlackTeamCountry "FAI"]

1. e4 e5 2. Nf3 Nc6 3. Bc4 Bc5 4. d4 exd4 5. c3 Nf6 6. e5 Ne4 7. b4 Be7 8. b5 Na5 9. Bd5 Nxc3 10. Nxc3 dxc3 11. 0-0 c6 12. Be4 cxb5 13. Qd3 b4 14. Bf4 Nc6 15. a3 bxa3 16. Qxc3 d5 17. exd6 Bf6 18. Bxc6+ bxc6 19. Rfe1+ Be6 20. Qxc6+ Kf8 21. Rxa3 Bd7 22. Qd5 a5 23. Ng5 Bxg5 24. Bxg5 f6 25. Re7 Be8 26. Bxf6 gxf6 27. Rf3 1-0

[Event "FAI-chT2 2021"]
[Site "Faroe Islands"]
[Date "2020.11.22"]
[Round "5.1"]
[White "Joensen, Hanus"]
[Black "Eskildsen, Henrik"]
[Result "1-0"]
[WhiteElo "1772"]
[BlackElo "1795"]
[PlyCount "89"]
[EventDate "2020.10.04"]
[EventType "team-tourn"]
[EventRounds "10"]
[EventCountry "FAI"]
[SourceTitle "EXT 2022"]
[Source "ChessBase"]
[SourceDate "2021.10.06"]
[SourceVersion "1"]
[SourceVersionDate "2021.10.06"]
[SourceQuality "1"]
[WhiteTeam "Kollafjordur II"]
[BlackTeam "Runavik"]
[WhiteTeamCountry "FAI"]
[BlackTeamCountry "FAI"]

1. e4 e5 2. Nf3 Nc6 3. Bc4 Nf6 4. Ng5 d5 5. exd5 Na5 6. Bb5+ c6 7. dxc6 bxc6 8. Be2 h6 9. Nf3 Bd6 10. d3 0-0 11. Nc3 Bb7 12. 0-0 Nd5 13. Ne4 f5 14. Nxd6 Qxd6 15. Bd2 e4 16. dxe4 fxe4 17. Nd4 c5 18. Bxa5 cxd4 19. Qxd4 Rf5 20. c4 Qa6 21. Bd2 Nf4 22. Bxf4 Rxf4 23. Qe3 Raf8 24. b4 Qg6 25. b5 R8f7 26. c5 Rf3 27. Qd4 R7f4 28. c6 Bc8 29. Qd8+ Rf8 30. Qd5+ Be6 31. Qe5 R3f5 32. Qd6 Rd5 33. Qa3 Rg5 34. g3 Bh3 35. Rfe1 Rgf5 36. Bf1 Bg4 37. Qb3+ Kh8 38. Bg2 Rxf2 39. Rf1 Qf6 40. Qe3 Rxg2+ 41. Kxg2 Qb2+ 42. Kg1 Bf3 43. Qf2 Qxb5 44. Rac1 Qa5 45. Qc5 1-0

[Event "FAI-chT 1819"]
[Site "Faroe Islands"]
[Date "2019.02.24"]
[Round "7.3"]
[White "Joensen, Hanus"]
[Black "Gaard, Ingolf"]
[Result "1/2-1/2"]
[WhiteElo "1770"]
[BlackElo "1941"]
[PlyCount "30"]
[EventDate "2018.10.28"]
[EventType "team-tourn"]
[EventRounds "10"]
[EventCountry "FAI"]
[SourceTitle "CBM 189 Extra"]
[Source "ChessBase"]
[SourceDate "2019.06.03"]
[SourceVersion "1"]
[SourceVersionDate "2019.06.03"]
[SourceQuality "1"]
[WhiteTeam "Kollafjordjur"]
[BlackTeam "Klaksvik"]
[WhiteTeamCountry "FAI"]
[BlackTeamCountry "FAI"]

1. e4 e5 2. Nf3 Nc6 3. Bc4 Bc5 4. c3 Nf6 5. d3 d6 6. 0-0 h6 7. h3 0-0 8. Re1 Be6 9. Nbd2 Qd7 10. b4 Bb6 11. Bxe6 fxe6 12. Nc4 Ne7 13. Nxb6 axb6 14. d4 exd4 15. cxd4 Qa4 1/2-1/2

[Event "FAI-chT 1718"]
[Site "Faroe Islands"]
[Date "2018.02.10"]
[Round "6.2"]
[White "Joensen, Hanus"]
[Black "Nolsoe, Rani"]
[Result "0-1"]
[WhiteElo "1794"]
[BlackElo "2081"]
[PlyCount "80"]
[EventDate "2017.10.22"]
[EventType "team-tourn"]
[EventRounds "10"]
[EventCountry "FAI"]
[SourceTitle "EXT 2020"]
[Source "ChessBase"]
[SourceDate "2019.10.17"]
[SourceVersion "1"]
[SourceVersionDate "2019.10.17"]
[SourceQuality "1"]
[WhiteTeam "Kollafjordur"]
[BlackTeam "Klaksvik"]
[WhiteTeamCountry "FAI"]
[BlackTeamCountry "FAI"]

1. e4 e5 2. Nf3 d6 3. Bc4 Be7 4. d4 exd4 5. Nxd4 Nf6 6. Nc3 0-0 7. 0-0 Re8 8. Re1 c6 9. Bf4 b5 10. Bf1 b4 11. Na4 c5 12. Nb5 Bd7 13. b3 a6 14. Nxd6 Bxd6 15. Bxd6 Bxa4 16. bxa4 Nc6 17. e5 Nd7 18. f4 Nd4 19. Bc4 Qb6 20. Qh5 g6 21. Bxf7+ Kxf7 22. Qxh7+ Ke6 23. Qxg6+ Kd5 24. Qe4+ Kc4 25. Qd3+ Kd5 26. c3 bxc3 27. Qxc3 c4 28. Red1 Ke4 29. Qe1+ Kf5 30. Qf2 Ne2+ 31. Kf1 Qxf2+ 32. Kxf2 Nxf4 33. Rac1 Nd3+ 34. Kf3 Nxc1 35. Rxc1 Rac8 36. g4+ Ke6 37. h4 Nxe5+ 38. Bxe5 Kxe5 39. h5 c3 40. Re1+ Kf6 0-1